Brighter Than the Baghdad Sun (Record no. 9499)
[ view plain ]
| 000 -LEADER | |
|---|---|
| fixed length control field | 00613nam a2200229 a 4500 |
| 020 ## - INTERNATIONAL STANDARD BOOK NUMBER | |
| ISBN | 0316651 |
| 082 00 - DEWEY DECIMAL CLASSIFICATION NUMBER | |
| Classification number | 956.704 |
| Author Cutter | BHA |
| 100 ## - MAIN ENTRY--AUTHOR NAME | |
| Author name | Bhatia, Shyam |
| 245 ## - TITLE STATEMENT | |
| Title | Brighter Than the Baghdad Sun |
| Sub title | Saddam`s Race to Build Dthe Bomb |
| 260 ## - PUBLICATION, DISTRIBUTION, ETC. (IMPRINT) | |
| Place of publication | London |
| Name of publisher | Little Brown and Company |
| Year of publication | 1999 |
| 300 ## - PHYSICAL DESCRIPTION | |
| Number of Pages | 289p |
| 500 ## - GENERAL NOTE | |
| General note | includes index and biblioraphy |
| 505 2# - FORMATTED CONTENTS NOTE | |
| Formatted contents note | Index |
| 650 ## - SUBJECT ADDED ENTRY--TOPICAL TERM | |
| Topical Term | Iraq-Politics and Government |
| 942 ## - ADDED ENTRY ELEMENTS (KOHA) | |
| Koha item type | Books |
| Collection code | Home library | Current library | Date acquired | Cost, normal purchase price | Full call number | Accession Number | Koha item type |
|---|---|---|---|---|---|---|---|
| Henry Martyn Institute Library | Henry Martyn Institute Library | 05/30/2007 | 654.50 | 956.704 BHA | 019398 | Books |
